00253nam a2200073Ia 4500082000800000245006900008100006100077008004100138 aLIN 0aStaan op, my beminde : Son op die horison ; 'n Lang vreemde pad  a LINGUA, Susanna M. (Susanna Myburgh) Pretoria, 1988 210817s9999 xx 000 0 und d